header

Postcolonial moves (Record no. 87547)

MARC details
000 -LEADER
fixed length control field 01310nam a2200325Ia 4500
245 00 - TITLE STATEMENT
Title Postcolonial moves
260 ## - PUBLICATION, DISTRIBUTION, ETC. (IMPRINT)
Place of publication New York :
Name of publisher Palgrave Macmillan,
Year of publication 2003.
300 ## - PHYSICAL DESCRIPTION
Number of Pages x, 264 p.
650 #0 - SUBJECT ADDED ENTRY--TOPICAL TERM
Topical Term Literature, Modern
Topical Term Postcolonialism in literature.
Topical Term Imperialism in literature.
700 1# - ADDED ENTRY--PERSONAL NAME
Personal name Ingham, Patricia Clare,
Personal name Warren, Michelle R.,
856 40 - ELECTRONIC LOCATION AND ACCESS
Uniform Resource Identifier http://site.ebrary.com/lib/rucke/Doc?id=10135630

No items available.

© 2026 Rongo University
Contact us: librarian | system librarian | Rongo university